000 00992nam0a22002651 4500
001 rc\2983088
005 20250806211541.0
035 _a(NLR Aleph) 007128153
090 _a69065
_c69065
100 _a20110913d1943 u y0rusy50 ca
101 0 _arus
102 _aRU
105 _aa z |||||
200 1 _aХолодное прессование полых изделий из малоуглеродистой стали (экстрюдинг-процесс)
210 _aМосква
_cБ. и.
_d1943
215 _a20 с.
_cил., черт.
_d21 см
225 1 _aСтахановская библиотека
_fГосплан СССР. Ин-т тех.-экон. информации
_v№ 2
700 1 _aНорицын
_bИ.А.
_gИларий Анатольевич
801 0 _aRU
_bNLR
_gpsbo
801 1 _aRU
_bELAR
_2rusmarc
852 _aNLR
_jТ36 Г-4/189
942 _cBOOK
945 _aРоссийская национальная библиотека
980 _aNB
980 _aBV